| 000 | 01445nam a22003017a 4500 | ||
|---|---|---|---|
| 999 |
_c29559 _d29530 |
||
| 003 | EG-ScBUE | ||
| 005 | 20211005135416.0 | ||
| 008 | 211005s2012 ua a f 000 0 ara d | ||
| 017 | _a5439 | ||
| 020 | _a9789775290021 | ||
| 040 |
_aEG-ScBUE _bara _erda _cEG-ScBUE _dEG-ScBUE |
||
| 082 | 0 | 4 |
_a297.352 _bف ا ر _222 |
| 100 | 1 |
_aفاروق، عبد الخالق، _d1957- _eمؤلف. |
|
| 245 | 1 | 0 |
_aاقتصاديات الحج والعمرة : _bكم أنفق المصريون على الحج والعمرة / _cعبد الخالق فاروق، الخبير في الشؤون الاقتصادية والاستراتيجية والحاصل على جائزة الدولة التسجيعية في العلوم الاقتصادية والقانونية عامي 2003 و 2010. |
| 250 | _aالطبعة الأولى. | ||
| 264 | 1 |
_aالقاهرة : _bمركز النيل للدراسات الاقتصادية والاستراتيجية، _c2012. |
|
| 300 |
_a159 صفحة : _bجداول ؛ _c24 سم |
||
| 336 |
_2rdacontent _aنص _btxt |
||
| 337 |
_2rdamedia _aبدون وسيط _bn |
||
| 338 |
_2rdacarrier _aمجلد _bnc |
||
| 500 | _aيشتمل على ملاحق. | ||
| 541 |
_cإهداء ؛ _aعبد الخالق فاروق. |
||
| 650 | 7 |
_aالحج _xجوانب اقتصادية. _2BUEsh |
|
| 650 | 7 |
_aالعمرة _xجوانب اقتصادية. _2BUEsh |
|
| 653 |
_bBUSECO _cOctober2021 |
||
| 655 |
_vReading book _934232 |
||
| 942 | _2ddc | ||